000 00760nam a22002177a 4500
003 OSt
005 20150312115354.0
008 150312b xxu||||| |||| 00| 0 eng d
040 _cBMC
082 _a823
100 1 _aShakespeare, William
_d1564-1616
_968
245 1 0 _aTragedias
_b: Romeo y Julieta ; Hamlet ; Otelo ; Rey Lear
_cShakespeare ; estudio preliminar por Antonio Pagés Larraya ; traducciones de Jaime Clark y Jacinto Benavente
260 _aBarcelona
_bExito
_c[1960]
300 _aLVIII, 452 p., 1 h.
_c20 cm
490 _aClásicos "Jackson"
_v10
650 2 4 _911162
_aNovela inglesa
700 1 _aBenavente, Jacinto
_d1866-1954
_942
700 1 _aClark, Jaime
_932623
700 1 _aPagés Larraya, Antonio
_932624
942 _2ddc
_cBK
_hahoj
999 _c19505
_d19505